| 000 | 01128nam a22002895a 4500 | ||
|---|---|---|---|
| 003 | OSt | ||
| 005 | 20161215114937.0 | ||
| 008 | 161215s2016 ua frb 000 0 ara d | ||
| 015 | _a2016/8118 | ||
| 020 | _a9789770480670 | ||
| 040 |
_aEG-ScBUE _bara _cEG-ScBUE |
||
| 041 | 1 |
_aara _beng |
|
| 082 | 0 | 4 |
_a341.2 _bم ح م _222 |
| 100 | 1 | _aمحمد، أميرة حسين إبراهيم. | |
| 245 | 1 | 2 |
_aالموظف الدولي / _cأميرة حسين إبراهيم محمد. |
| 260 |
_aالقاهرة : _bدار النهضة العربية ؛ _aدبي : _bدار النهضة العلمية، _c2016. |
||
| 300 |
_a175 ص. ؛ _c24 سم. |
||
| 502 | _6الأصل أطروحة. | ||
| 504 | _aيشتمل على إرجاعات ببليوجرافية. | ||
| 546 | _aالنص باللغة العربية ؛ والملخص باللغة الإنجليزية. | ||
| 650 | 7 |
_aالموظفون الدوليون. _2BUEsh |
|
| 650 | 7 |
_aالموظفون _xوضع قانوني، قوانين، إلخ . _2BUEsh |
|
| 650 | 7 |
_aالمنظمات الدولية. _2BUEsh |
|
| 651 | _2BUEsh | ||
| 653 |
_bLLAAWW _cDecember2016 |
||
| 942 | _2ddc | ||
| 999 |
_c23580 _d23552 |
||